مختارات من قصص ستيفنسن / (رقم التسجيلة. 142664)

تفاصيل مارك
000 -LEADER
fixed length control field 00581nam a22001817a 4500
005 - DATE AND TIME OF LATEST TRANSACTION
control field 20251108175809.0
008 - FIXED-LENGTH DATA ELEMENTS--GENERAL INFORMATION
fixed length control field 250721s2020 xx 000 0 ara d
082 14 - DEWEY DECIMAL CLASSIFICATION NUMBER
Classification number ق/ستي
100 1# - MAIN ENTRY--PERSONAL NAME
Personal name ستيفنسن، روبيرت لويس
245 10 - TITLE STATEMENT
Title مختارات من قصص ستيفنسن /
264 1# - PRODUCTION, PUBLICATION, DISTRIBUTION, MANUFACTURE, AND COPYRIGHT NOTICE
Place of production, publication, distribution, manufacture الجيزة :
Name of producer, publisher, distributor, manufacturer بيت الياسمين للنشر و التوزيع،
Date of production, publication, distribution, manufacture, or copyright notice 2020.
300 ## - PHYSICAL DESCRIPTION
Extent 323ص.
650 17 - SUBJECT ADDED ENTRY--TOPICAL TERM
Topical term or geographic name as entry element الادب المترجم
650 17 - SUBJECT ADDED ENTRY--TOPICAL TERM
Topical term or geographic name as entry element القصص القصيرة
700 1# - ADDED ENTRY--PERSONAL NAME
Personal name مسعود، محمود
Relator term مترجم
942 ## - ADDED ENTRY ELEMENTS (KOHA)
Source of classification or shelving scheme Dewey Decimal Classification
Koha item type كتب
المقتنيات
حالة السحب حالة الفقدان مصدر التصنيف حالة التلف غير قابل للإعارة المكتبة الرئيسية المكتبة الحالية موقع الرف تاريخ التزويد الرقم المتسلسل Total Checkouts رقم الإستدعاء الباركود تاريخ آخر ظهور تاريخ الفاتورة نوع المادة (كوها)
    Dewey Decimal Classification     المكتبة المركزية المكتبة المركزية الإعارة 28/07/2025 1757633   ق/ستي PLD00492761 28/07/2025 28/07/2025 كتب
    Dewey Decimal Classification     مكتبة أبو علندا العامة مكتبة أبو علندا العامة الإعارة 24/10/2021 17576 34   ق/ستي PLD00492867 28/07/2025 24/10/2021 كتب
    Dewey Decimal Classification     مكتبة الجويدة مكتبة الجويدة الإعارة 24/10/2021 1757636   ق/ستي PLD00492869 28/07/2025 24/10/2021 كتب
Implemented & Customized by: BBB with SCIT (Smart Chains for Information Technology)

Powered by Koha